000 00495 a2200169 4500
003 OSt
005 20240208122250.0
008 240208b |||||||| |||| 00| 0 eng d
040 _coclc
082 _a894.8124
_bMAT/P
100 _aMattapilly,Kaladharan
_910428
245 _aPlastic oru malinyamo? /
_cKaladharan Mattapilly
250 _a1st ed.
260 _aAaluva:
_bMattapally Books,
_c2023.
300 _a96p.
942 _2ddc
_cBK
_h894.8124
_iMAT/P
_k894.8124
_mMAT/P
999 _c44397
_d44397